L'Allemagne de M. de Bismarck / (Record no. 162133)

MARC details
000 -LEADER
campo de control de longitud fija 00764nam a2200217 i 4500
001 - NÚMERO DE CONTROL
campo de control 162133
003 - IDENTIFICADOR DE NÚMERO DE CONTROL
campo de control ES-MaACL
005 - FECHA Y HORA DE LA ÚLTIMA TRANSACCIÓN
campo de control 20251001175514.0
008 - DATOS DE LONGITUD FIJA--INFORMACIÓN GENERAL
campo de control de longitud fija 041104s1885 fr |||| |dfre d
040 ## - FUENTE DE CATALOGACIÓN
Centro catalogador/agencia de origen CAM
Lengua de catalogación spa
Centro/agencia transcriptor CAM
080 ## - NÚMERO DE LA CLASIFICACIÓN DECIMAL UNIVERSAL
Número de la Clasificación Decimal Universal 929 Bismarck, Otto, Fürst von
080 ## - NÚMERO DE LA CLASIFICACIÓN DECIMAL UNIVERSAL
Número de la Clasificación Decimal Universal 94(430)"18"
100 1# - ENTRADA PRINCIPAL--NOMBRE DE PERSONA
Nombre de persona Pigeon, Amédée.
9 (RLIN) 131158
245 12 - MENCIÓN DEL TÍTULO
Título L'Allemagne de M. de Bismarck /
Mención de responsabilidad, etc. par Amédée Pigeon.
260 ## - PUBLICACIÓN, DISTRIBUCIÓN, ETC.
Lugar de publicación, distribución, etc. Paris :
Nombre del editor, distribuidor, etc. E. Giraud et C., éditeurs,
Fecha de publicación, distribución, etc. 1885 (
Fabricante Soc. d'imp. Paul Dupont)
300 ## - DESCRIPCIÓN FÍSICA
Extensión 499 p. ;
Dimensiones 22 cm.
600 14 - PUNTO DE ACCESO ADICIONAL DE MATERIA--NOMBRE DE PERSONA
Nombre de persona Bismarck, Otto,
Títulos y otros términos asociados al nombre Fürst von
9 (RLIN) 29016
651 #4 - PUNTO DE ACCESO ADICIONAL DE MATERIA--NOMBRE GEOGRÁFICO
Nombre geográfico Alemania-
Subdivisión general Historia-
Subdivisión cronológica 1789-1900.
9 (RLIN) 7659
852 ## - LOCALIZACIÓN
Ubicación ES-MaACL
Número de control de estantería F-9219
Nota libre - Enc. pasta española
-- . - Ded. autógr. del autor a F.B. Navarro
Holdings
Estatus retirado Estado de pérdida Estado de daño No para préstamo Colección Biblioteca de origen Biblioteca actual Ubicación en estantería Fecha de adquisición Fuente de adquisición Total de préstamos Signatura topográfica completa Código de barras Visto por última vez Precio de reemplazo Tipo de ítem Koha
        Libros del s. XIX Biblioteca del Ateneo de Madrid Biblioteca del Ateneo de Madrid Sala Pecera Planta 2 17/01/2008     F-9219 1169853 23/02/2023 23/02/2023 Libro impreso antiguo